Les 50 chansons les plus streamer de Gims - Statistiques

Statistiques générales
  • Ce quiz a été pris 230 fois
    31 depuis la dernière actualisation
  • Le résultat moyen est 27 sur 50
Statistiques - réponses
stream chanson feat % Correct
158,428,575 CIEL /
100%
126,767,515 PARISIENNE La Mano 1.9
96%
307,973,037 SPIDER Dystinct
96%
146,509,474 Bella /
87%
147,154,981 Sapés comme jamais Niska
87%
157,775,365 Best life Naps
78%
151,567,696 Désolé Sexion d'Assaut
78%
160,253,464 La même Vianney
78%
200,634,823 NINAO /
78%
76,916,066 Piano Werenoi
78%
249,460,083 SOIS PAS TIMIDE /
78%
70,985,059 AIR FORCE BLANCHE Jul
74%
75,935,519 Game Over Vitaa
74%
66,591,278 APPELLE TA COPINE /
70%
520,899,580 Est-ce que tu m'aimes ? /
70%
292,152,083 Hola Señorita Maluma
70%
205,390,103 J'me tire /
70%
80,931,113 Je te pardonne Sia
65%
89,363,148 Ma direction Sexion d'Assaut
65%
348,581,457 Seya Morad
65%
130,474,010 Wati by Night Sexion d'Assaut
65%
88,580,456 Zombie /
65%
118,450,937 LOCO Lossa
61%
55,337,929 Un monde à l'autre La Mano 1.9, SCH
57%
52,221,077 Bella ciao Vitaa, Dadju, Slimane, Naestro
52%
94,017,067 Reste Sting
52%
73,171,641 Tu vas me manquer /
52%
60,818,363 Avant qu'elle parte Sexion d'Assaut
48%
69,210,414 Brisé /
48%
74,935,312 Caméléon /
48%
63,066,162 CARRÉ OK Soolking
48%
91,045,073 Ce soir ne sors pas Lacrim
48%
125,359,264 Par amour Dadju
48%
50,391,318 Ma beauté /
43%
72,924,173 Corazón Lil Wayne, French Montana
39%
48,750,254 Laissez passer /
39%
47,226,814 Terminal 2F Dadju
39%
94,417,058 Tout donner /
39%
50,381,373 Wati House Sexion d'Assaut
39%
160,096,268 Lo Mismo - Version originale Alvaro Soler
35%
77,296,974 Mi Gna Super Sako, Hayko
35%
111,041,723 Loin Dany Synthé & soFLY & Nius
30%
46,576,382 Le pire /
26%
56,684,244 OHMA TOKITA /
22%
90,472,961 Où aller /
22%
120,704,925 MIRAGE KayBlack, Ozuna & Sfera Ebbasta
17%
68,589,589 Ya Habibi Mohamed Ramadan
17%
63,649,753 Arhbo Ozuna, RedOne
13%
77,407,128 ON OFF Shirin David
13%
54,860,041 Malheur, malheur /
4%
Aucun quiz correspondant
Distribution des résultats
% des personnes avec chaque résultat
Percentile par nombre de réponses
Votre historique - résultats
Vous n’avez pas pris ce quiz depuis la dernière actualisation